Podpora zamestnanosti a Slovensku
Štátna pomoc je jedným z ekonomických nástrojov, ktorý pomáha vytváraniu nových pracovných miest a zamestnávaniu znevýhodnených osôb na trhu práce. Analýza aktuálnej problematikyu týkajúcej sa podmienok poskytovania štátnej pomoci v oblasti zamestnávania na Slovensku.
Gespeichert in:
| 1. Verfasser: | |
|---|---|
| Weitere Verfasser: | , |
| Format: | Buchkapitel |
| Sprache: | Slowakisch |
| Schlagworte: | |
| Tags: |
Keine Tags, Fügen Sie das erste Tag hinzu!
|
MARC
| LEADER | 00000naa a2200000 4500 | ||
|---|---|---|---|
| 001 | 0207361 | ||
| 005 | 20220323095108.7 | ||
| 041 | 0 | |a slo | |
| 044 | |a SK | ||
| 245 | 1 | 0 | |a Podpora zamestnanosti a Slovensku |c Daniela Nováčková, Darina Saxunová, Rozália Sulíková |
| 520 | |a Štátna pomoc je jedným z ekonomických nástrojov, ktorý pomáha vytváraniu nových pracovných miest a zamestnávaniu znevýhodnených osôb na trhu práce. Analýza aktuálnej problematikyu týkajúcej sa podmienok poskytovania štátnej pomoci v oblasti zamestnávania na Slovensku. | ||
| 610 | 2 | 0 | |a konkurencieschopnosť |
| 610 | 2 | 0 | |a Slovensko |
| 610 | 2 | 0 | |a pomoc štátna |
| 610 | 2 | 0 | |a politika zamestnanosti |
| 100 | 1 | |a Nováčková, Daniela | |
| 700 | 1 | |a Saxunová, Darina | |
| 700 | 1 | |a Sulíková, Rozália | |